000 00805nam a2200229 i 4500
001 23266
003 ES-MaACL
005 20251108163133.0
007 t|
008 021209s1958 ag |||| | spa d
080 _a811.134.2'36
100 1 _aAlonso, Amado.
_920182
245 1 0 _aGramática castellana
_b: segundo curso : manual adaptado a los programas vigentes en la Enseñanza Secundaria /
_cAmado Alonso, Pedro Henríquez Ureña.
250 _a16ª ed.
260 _aBuenos Aires :
_bLosada,
_c[1958] (
_fSebastián Amorrorter)
300 _a239 p. ;
_c19 cm.
650 4 _aLengua española-
_xGramática.
_914161
650 4 _aLengua española-
_vLibros escolares.
_9143619
700 _aHenríquez Ureña, Pedro,
_d1884-1946
_9176516
852 _aES-MaACL
_jC-20816
999 _c23266
_d23266